Biggest Cities of the United States in 1840 with a Map - Statistics

General Stats
  • This quiz has been taken 1,711 times
  • The average score is 42 of 100
Answers on the Map
Answers color-coded by a green-red scale on the quiz's map according to % correct below.
 
Answer Stats
State Population Cities % Correct
NY 312,710 New York City
98%
LA 102,193 New Orleans
97%
MA 93,383 Boston
96%
PA 93,665 Philadelphia
96%
IL 4,470 Chicago
95%
MD 102,313 Baltimore
92%
PA 21,115 Pittsburgh
90%
NY 18,213 Buffalo
89%
MI 9,102 Detroit
89%
DC 23,364 Washington
89%
NY 33,721 Albany
88%
OH 46,338 Cincinnati
88%
OH 6,071 Cleveland
88%
OH 6,048 Columbus
85%
MO 16,469 St. Louis
85%
TN 6,929 Nashville
84%
VA 20,153 Richmond
84%
SC 29,261 Charleston
83%
RI 23,171 Providence
79%
GA 11,214 Savannah
79%
KY 21,210 Louisville
77%
AL 12,672 Mobile
75%
CT 9,468 Hartford
73%
NJ 17,290 Newark
73%
NY 20,191 Rochester
72%
GA 6,403 Augusta
71%
ME 5,314 Augusta
71%
SC 4,340 Columbia
67%
ME 15,218 Portland
66%
PA 5,980 Harrisburg
64%
CT 12,960 New Haven
64%
KY 6,997 Lexington
62%
VA 10,920 Norfolk
59%
MA 10,985 Springfield
58%
NY 36,233 Brooklyn
56%
NH 4,897 Concord
56%
OH 6,067 Dayton
55%
DE 8,367 Wilmington
53%
NC 5,335 Wilmington
53%
RI 8,333 Newport
50%
MA 7,497 Worcester
49%
MA 8,409 Cambridge
46%
MA 15,082 Salem
46%
ME 8,627 Bangor
45%
DC 8,459 Alexandria
43%
NY 12,782 Utica
43%
MA 9,012 Nantucket
39%
NH 7,887 Portsmouth
36%
VA 6,477 Portsmouth
36%
MA 5,281 Plymouth
35%
PA 8,417 Lancaster
33%
MA 20,796 Lowell
32%
PA 4,779 York
32%
VA 7,885 Wheeling
31%
NH 6,458 Dover
30%
NH 6,054 Nashua
28%
PA 8,410 Reading
28%
MA 12,087 New Bedford
26%
NY 6,784 Schenectady
26%
NJ 7,596 Paterson
25%
CT 5,519 New London
24%
NY 19,334 Troy
24%
MD 5,182 Frederick
23%
RI 6,726 Warwick
22%
MA 6,738 Fall River
21%
PA 34,474 Northern Liberties
21%
VA 6,395 Lynchburg
20%
PA 10,089 Allegheny
19%
DC 7,312 Georgetown
19%
MA 9,367 Lynn
19%
MA 6,350 Gloucester
17%
VA 11,136 Petersburg
17%
CT 4,504 Danbury
16%
PA 27,548 Southwark
11%
PA 4,865 Easton
10%
NY 5,672 Hudson
10%
OH 4,766 Zanesville
10%
MA 7,645 Taunton
9%
NY 5,626 Auburn
8%
MA 5,575 Marblehead
8%
PA 4,351 Carlisle
7%
MA 11,484 Charlestown
7%
MA 7,161 Newburyport
7%
PA 27,849 Spring Garden
7%
ME 5,141 Bath
6%
PA 22,314 Kensington
6%
NJ 6,063 Middletown
6%
MA 5,207 Andover
5%
RI 5,225 Cumberland
5%
MA 4,875 Dorchester
5%
MA 4,689 Beverly
4%
MA 5,020 Danvers
4%
PA 4,345 Pottsville
4%
MA 9,089 Roxbury
4%
NJ 4,821 Woodbridge
4%
MA 5,085 Middleborough
3%
PA 14,573 Moyamensing
3%
RI 9,534 Smithfield
3%
NJ 5,060 Evesham
2%
ME 5,042 Gardiner
2%
No matching quizzes found
Score Distribution
Percent of People with Each Score
Percentile by Number Answered
Your Score History
You have not taken this quiz